000 00818nam a22002657a 4500
001 6732
003 FISKH
005 20250805102445.0
008 250523b cb ||||| |||| 00| 0 eng d
020 _a9781587171277
040 _aFISKH
_beng
_cFISKH
_dFISKH
050 _aTJ147 .S56
082 _a621.8
100 _aSimon, Seymour
245 _aGiant machines /
260 _aCalifornia :
_bCronicle Book,
_c2002.
300 _a32 unnumbered pages :
_bcolor illustrations ;
_c23 cm
505 _aQ
520 _aPresents a variety of large machines that cut, carry, and move things, including combines, tub grinders, tower cranes, and offshore oil rigs.
521 8 _a660
_bLexile
521 8 _aQ
_bRaz-Plus
650 _aGiant Dump Truck
_vMachinery
942 _2ddc
_cBK
_n0
999 _c6732
_d6732